Kursus pengurusan prestasi (Record no. 133389)

MARC details
000 -LEADER
fixed length control field 00803nam a2200241 i 4500
001 - CONTROL NUMBER
control field C2-0335128
003 - CONTROL NUMBER IDENTIFIER
control field PPAK
005 - DATE AND TIME OF LATEST TRANSACTION
control field 20180728134644.0
008 - FIXED-LENGTH DATA ELEMENTS--GENERAL INFORMATION
fixed length control field 151220s2008 my a|||| ||||| | may d
040 ## - CATALOGING SOURCE
Original cataloging agency PPAK
Language of cataloging eng
Transcribing agency PPAK
Description conventions rda
082 04 - DEWEY DECIMAL CLASSIFICATION NUMBER
Classification number 351.595
Edition number 23
090 00 - LOCALLY ASSIGNED LC-TYPE CALL NUMBER (OCLC); LOCAL CALL NUMBER (RLIN)
Classification number (OCLC) (R) ; Classification number, CALL (RLIN) (NR) 351.595
Feature heading RUZ
Feature heading KK
100 0# - MAIN ENTRY--PERSONAL NAME
Personal name Ruzana Haji Jajuri,
Relator term author
245 10 - TITLE STATEMENT
Title Kursus pengurusan prestasi
264 #1 - PRODUCTION, PUBLICATION, DISTRIBUTION, MANUFACTURE, AND COPYRIGHT NOTICE
Place of production, publication, distribution, manufacture Sungai Petani, Kedah :
Name of producer, publisher, distributor, manufacturer Institut Tadbiran Awam Negara ,
Date of production, publication, distribution, manufacture, or copyright notice 2008
300 ## - PHYSICAL DESCRIPTION
Extent 1 volume (unpaged) :
Other physical details illustrations ;
Dimensions 30 cm
336 ## - CONTENT TYPE
Source rdacontent
Content type term text
337 ## - MEDIA TYPE
Source rdamedia
Media type term unmediated
338 ## - CARRIER TYPE
Source rdacarrier
Carrier type term volume
650 10 - SUBJECT ADDED ENTRY--TOPICAL TERM
Topical term or geographic name entry element Civil service - Malaysia - Evaluation. ; Performance - Measurement - Handbooks, manuals, etc.
700 0# - ADDED ENTRY--PERSONAL NAME
Personal name Institut Tadbiran Awam Negara,
Relator term compile
942 ## - ADDED ENTRY ELEMENTS (KOHA)
-- dc
Koha item type Book
Holdings
Withdrawn Not for loan Current library Shelving location Date acquired Full call number Barcode Date last seen Koha item type
  Not For Loan Perpustakaan Alor Setar Koleksi Kedah 30/12/2015 KK 351.595 RUZ A00366519 09/05/2018 Book